000 00707nam a22002177a 4500
999 _c5561
_d5561
003 AR-CdUCM
008 190312b ||||| |||| 00| 0 spa d
040 _aMUNICIPALIDAD PROVINCIAL DEL CUSCO
_cBIBLIOTECA MUNICIPAL DEL CUSCO
082 _a869.56 /
_bD54
100 _aDíaz Icaza, Rafael
_916662
245 _aEstatuas en el mar :
_bPoemas /
260 _aGuayaquil :
_bTalleres graficos del colegio nacional Vicente Rocafuerte,
_c1946.
300 _a39 paginas ;
_c24 cm.
500 _aDonación familia Nieto
505 _aContenido :Poesias /
650 _aLiteratura ecuatoriana
_911889
650 _aPoesías ecuatoriana
_916663
650 _aSiglo XX
_98
942 _2ddc
_cLIBROS
945 _arjall